Jazyk a jeho funkcie

Porovnanie názorov niekoľkých jazykovedcov, ktorí sa zaoberajú funkciami jazyka. Pochopenie jazykových funkcií a jeho dôležitosť pre správne použitie jazykov.

Salvato in:
Dettagli Bibliografici
Autore principale: Kurdelová, Ľubica
Altri autori: Stradiotová, Eva, 1963-
Natura: Capitolo di libro
Lingua:slovacco
Soggetti:
Tags: Aggiungi Tag
Nessun Tag, puoi essere il primo ad aggiungerne!!

MARC

LEADER 00000nla a2200000 4500
001 0201770
005 20240502073411.6
041 0 |a slo 
044 |a SK 
245 1 0 |a Jazyk a jeho funkcie  |c Ľubica Kurdelová, Eva Stradiotová 
520 |a Porovnanie názorov niekoľkých jazykovedcov, ktorí sa zaoberajú funkciami jazyka. Pochopenie jazykových funkcií a jeho dôležitosť pre správne použitie jazykov. 
610 2 0 |a jazykoveda 
610 2 0 |a jazyky cudzie 
610 2 0 |a jazyk štátny 
610 2 0 |a komunikácia 
100 1 |a Kurdelová, Ľubica 
700 1 |a Stradiotová, Eva, 1963-